[Event "Belgrade Spring IM-I 2021"]
[Site "Belgrade"]
[Date "2021.04.16"]
[Round "1.6"]
[White "Hart, Alexander"]
[Black "Djokic, Nenad"]
[Result "0-1"]
[WhiteElo "2016"]
[BlackElo "2329"]
[Annotator "TA"]
[PlyCount "86"]
[EventDate "2021.04.16"]
[EventType "tourn"]
[EventCountry "SRB"]
[SourceTitle "playchess.com"]
[Source "ChessBase"]
[SourceQuality "1"]

{[%evp 17,86,16,28,6,50,46,53,49,67,25,25,25,30,28,36,29,37,27,38,10,11,0,0,0,0,0,0,-24,-31,-22,-13,-83,-88,-99,0,-173,-166,-275,-273,-357,-355,-349,-350,-345,-342,-340,-322,-534,-412,-534,-528,-547,-546,-525,-516,-486,-429,-1072,-1020,-1023,-991,-29976,-29977,-29977,-29978,-29977,-29977,-29978,-29978,-29978,-29979]} 1. d4 Nf6 2. c4 e6 3. Nf3 b6 4. Nc3 Bb7 5. e3 Bb4 6. Bd3 Ne4 7. Qc2 f5 8. O-O Bxc3 9. bxc3 O-O 10. c5 {is the legacy move (10.Nd2). E43: Nimzo-Indian: Rubinstein: 4...b6.} Ng5 11. Nxg5 Qxg5 {[%csl Gb7][%cal Rg5g2]} 12. f3 {White is slightly better.} Qh5 {[#]} 13. e4 $146 ({Predecessor:} 13. cxb6 axb6 14. Bd2 d6 15. a4 Nc6 16. Rfb1 Ba6 17. Bb5 Ne7 18. c4 Bxb5 19. Rxb5 {½-½ (31) Blazeka,M (2385)-Tratar,M (2461) Slovenia 2019}) 13... fxe4 14. fxe4 {aiming for Rxf8+.} Rxf1+ 15. Bxf1 Nc6 16. Rb1 Rf8 17. Bd3 Na5 18. Be3 d6 19. cxd6 cxd6 20. Rf1 Rxf1+ 21. Bxf1 Qh4 22. e5 (22. d5 $5) 22... dxe5 23. dxe5 Qe1 24. Qd3 {[#]} (24. Bf2 $11 {remains equal.} Qxe5 25. Qa4) 24... Bd5 $1 $17 25. Bf4 h6 ({Better is} 25... Nc4 $17) 26. Bg3 $2 {White is on the road to losing.} (26. Bxh6 $1 $11 {and White stays safe.} Bc4 27. Bd2) 26... Qa1 $19 27. Kf2 (27. h4 $142) 27... Qxa2+ 28. Be2 Bc4 29. Qf3 Qxe2+ 30. Qxe2 Bxe2 31. Kxe2 {[%mdl 4096] Endgame KB-KN} Kf7 32. Kf3 $2 (32. Kd3 {keeps fighting.}) 32... Nc6 33. Ke4 b5 34. Bf2 h5 35. h3 a6 36. Bc5 g5 37. g4 (37. Be3 $142 Kg6 38. Bf2) 37... h4 38. Bd6 Ne7 39. Bxe7 Kxe7 {Black mates.} 40. Kd4 Kd7 41. Kc5 {[#]} Kc7 $1 {[%cal Rc7d8]} 42. c4 bxc4 43. Kxc4 Kc6 {Weighted Error Value: White=0.63/Black=0.11} 0-1

[Event "Belgrade Spring IM-I 2021"]
[Site "Belgrade"]
[Date "2021.04.16"]
[Round "1.7"]
[White "Govedarica, Radovan"]
[Black "Zegarac, Vuk"]
[Result "1/2-1/2"]
[WhiteElo "2300"]
[BlackElo "2376"]
[Annotator "TA"]
[PlyCount "112"]
[EventDate "2021.04.16"]
[EventType "tourn"]
[EventCountry "SRB"]
[SourceTitle "playchess.com"]
[Source "ChessBase"]
[SourceQuality "1"]

{[%evp 17,112,15,18,18,14,21,23,16,18,1,21,14,14,14,16,18,28,29,29,18,14,15,39,13,39,6,39,16,41,14,42,15,35,12,39,19,43,41,41,48,39,49,42,32,69,72,89,89,81,83,104,95,143,145,143,108,109,91,168,148,155,159,142,58,64,18,11,8,8,8,8,8,8,8,8,8,8,8,8,8,8,8,46,0,0,0,0,0,0,0,0,0,0,0,0,0,0]} 1. e4 c6 2. d4 d5 3. Nc3 dxe4 4. Nxe4 Nf6 5. Nxf6+ exf6 6. c3 Bd6 7. Bd3 O-O 8. Qf3 Re8+ 9. Ne2 Nd7 {[%cal Bb8d7,Bd7f8,Bf8g6][%mdl 32]} 10. O-O {B15: Caro-Kann: 3 Nc3: 3...g6 and 3...dxe4 4 Nxe4 Nf6 5 Nxf6+ exf6.} Nf8 11. Bf4 Ng6 12. Bxd6 {White has an edge.} Qxd6 {[#]} 13. Qg3 $146 ({Predecessor:} 13. Rfe1 Be6 14. Qg3 Qxg3 {½-½ (14) Vesselovsky,S (2383)-Lechtynsky,J (2433) Czechia 2007}) 13... Qxg3 14. hxg3 Bf5 15. Bxf5 {[#] aiming for Rae1.} Rxe2 16. Rab1 Rae8 17. Bd3 Rd2 18. Rfd1 Rxd1+ 19. Rxd1 $11 {[%mdl 4096] Endgame KRB-KRN} Nf8 20. a4 Ne6 21. Bc4 Nc7 22. Kf1 Kf8 23. a5 Re7 24. Bb3 Rd7 25. Ke2 Ke7 26. Bc2 h6 27. g4 Kd6 28. Be4 Re7 29. Kd3 Ne6 30. g3 Kc7 31. b4 a6 32. d5 cxd5 33. Bxd5 Nf8 34. Rd2 Nd7 35. f4 b6 36. axb6+ Nxb6 37. Bb3 (37. Bf3 {feels hotter.} Re6 38. Rd1 Rd6+ 39. Ke2 Re6+ 40. Kf2) 37... Re1 (37... Rd7+ $16 {might work better.} 38. Ke2 Re7+ 39. Kd3 Rd7+ 40. Ke3 Re7+ 41. Kd3) 38. Re2 $18 ({Don't do} 38. Bxf7 $6 Rg1 $14) 38... Rg1 39. Re3 ({Worse is} 39. Bxf7 Rxg3+ 40. Kd4 Rxg4 $11) 39... g5 40. fxg5 (40. Bxf7 $16 {And now Ke4 would win.} gxf4 41. gxf4) 40... hxg5 $14 41. Bxf7 Nd7 42. Be6 Ne5+ 43. Ke4 Rc1 44. Bd5 Nxg4 45. Rf3 Re1+ 46. Kd4 Rd1+ 47. Rd3 Rxd3+ 48. Kxd3 $11 {KB-KN} f5 $1 49. Be6 {[#] Threatens to win with Kd4.} Nf2+ 50. Ke3 (50. Kd4 $5 {[%cal Re6f5]} f4 51. gxf4 gxf4 52. Bf5 $16) 50... Ne4 {The position is equal.} 51. g4 {Strongly threatening c4.} Nxc3 52. gxf5 Kd6 53. Kf3 Ke5 54. Kg4 Kf6 55. Bc4 Nb5 56. Bd3 Nc7 {Blacks defense is rewarded with a draw.  Weighted Error Value: White=0.11/Black=0.11} 1/2-1/2

[Event "Belgrade Spring IM-I 2021"]
[Site "Belgrade"]
[Date "2021.04.16"]
[Round "1.8"]
[White "Milanovic, Slavisa"]
[Black "Blagojevic, Tijana"]
[Result "1/2-1/2"]
[WhiteElo "2301"]
[BlackElo "2193"]
[Annotator "ChessBase"]
[PlyCount "146"]
[EventDate "2021.04.16"]
[EventType "tourn"]
[EventCountry "SRB"]
[SourceTitle "playchess.com"]
[Source "ChessBase"]
[SourceQuality "1"]
[TimeControl "40/5400+30:1800+30"]

1. d4 {[%emt 0:00:00]} d5 {[%emt 0:00:00]} 2. c4 {[%emt 0:00:00]} c6 {[%emt 0:00:00]} 3. Nc3 {[%emt 0:00:06]} Nf6 {[%emt 0:00:00]} 4. Nf3 {[%emt 0:00:08]} e6 {[%emt 0:00:06]} 5. Bg5 {[%emt 0:00:09]} Nbd7 {[%emt 0:00:23]} 6. e3 {[%emt 0:00:46]} Qa5 {[%emt 0:00:18]} 7. cxd5 {[%emt 0:00:41]} Nxd5 {[%emt 0:00:35]} 8. Qd2 {[%emt 0:00:23]} Bb4 {[%emt 0:01:15]} 9. Rc1 {[%emt 0:00:07]} h6 {[%emt 0:01:01]} 10. Bh4 {[%emt 0:00:08]} b6 {[%emt 0:01:27]} 11. e4 {[%emt 0:02:39]} Nxc3 {[%emt 0:00:51]} 12. bxc3 {[%emt 0:00:07]} Ba3 {[%emt 0:00:27]} 13. Rc2 {[%emt 0:02:06]} Ba6 {[%emt 0:04:44]} 14. Bxa6 {[%emt 0:02:35]} Qxa6 {[%emt 0:00:04]} 15. c4 {[%emt 0:00:19]} c5 {[%emt 0:17:04]} 16. O-O {[%emt 0:00:20]} Bb4 {[%emt 0:08:20]} 17. Qd3 {[%emt 0:08:04]} Qa3 {[%emt 0:07:29]} 18. Qe2 {[%emt 0:01:46]} cxd4 {[%emt 0:07:58]} 19. Nxd4 {[%emt 0:00:32]} O-O {[%emt 0:00:54]} 20. e5 {[%emt 0:06:25]} Rfc8 {[%emt 0:30:00]} 21. Rd1 {[%emt 0:05:40]} Qa4 {[%emt 0:00:03]} 22. Rd3 {[%emt 0:14:39]} Bc5 {[%emt 0:01:00]} 23. Nb3 {[%emt 0:00:29]} Nf8 {[%emt 0:00:44]} 24. g4 {[%emt 0:10:24]} Ng6 {[%emt 0:01:30]} 25. Bg3 {[%emt 0:00:51]} Be7 {[%emt 0:01:49]} 26. f4 {[%emt 0:02:17]} Rd8 {[%emt 0:00:55]} 27. Rf3 {[%emt 0:02:38]} Qc6 {[%emt 0:00:55]} 28. Rf1 {[%emt 0:06:14]} Bc5+ {[%emt 0:00:56]} 29. Nxc5 {[%emt 0:00:18]} Qxc5+ {[%emt 0:00:03]} 30. Kg2 {[%emt 0:00:27]} Qc6+ {[%emt 0:00:21]} 31. Kh3 {[%emt 0:03:41]} Rd4 {[%emt 0:00:23]} 32. f5 {[%emt 0:02:09]} exf5 {[%emt 0:01:18]} 33. gxf5 {[%emt 0:00:08]} Nf8 {[%emt 0:00:28]} 34. e6 {[%emt 0:06:46]} Nh7 {[%emt 0:00:55]} 35. exf7+ {[%emt 0:03:11]} Kxf7 {[%emt 0:00:21]} 36. Qe6+ {[%emt 0:00:22]} Qxe6 {[%emt 0:00:10]} 37. fxe6+ {[%emt 0:00:06]} Kg6 {[%emt 0:00:27]} 38. Re2 {[%emt 0:12:19]} Re8 {[%emt 0:04:36]} 39. e7 {[%emt 0:05:08]} Re4 {[%emt 0:01:38]} 40. Rxe4 {[%emt 0:00:00]} Ng5+ {[%emt 0:00:00]} 41. Kg4 {[%emt 0:04:17]} Nxe4 {[%emt 0:00:14]} 42. Re1 {[%emt 0:01:02]} Nxg3 {[%emt 0:02:35]} 43. hxg3 {[%emt 0:01:23]} Kf6 {[%emt 0:01:34]} 44. c5 {[%emt 0:01:13]} bxc5 {[%emt 0:09:09]} 45. Rc1 {[%emt 0:00:30]} Rxe7 {[%emt 0:01:30]} 46. Rxc5 {[%emt 0:00:06]} Re4+ {[%emt 0:03:16]} 47. Kf3 {[%emt 0:04:55]} Ra4 {[%emt 0:00:44]} 48. Rc6+ {[%emt 0:01:18]} Ke5 {[%emt 0:01:49]} 49. Rg6 {[%emt 0:00:59]} Kf5 {[%emt 0:00:37]} 50. Rxg7 {[%emt 0:00:10]} Ra3+ {[%emt 0:00:02]} 51. Kf2 {[%emt 0:02:37]} Rxa2+ {[%emt 0:00:06]} 52. Kf3 {[%emt 0:00:07]} Ra3+ {[%emt 0:00:24]} 53. Kf2 {[%emt 0:00:27]} a5 {[%emt 0:00:21]} 54. Rh7 {[%emt 0:01:01]} Kg6 {[%emt 0:00:19]} 55. Ra7 {[%emt 0:00:16]} a4 {[%emt 0:02:34]} 56. Kg2 {[%emt 0:02:12]} Ra1 {[%emt 0:00:24]} 57. Kh3 {[%emt 0:04:11]} a3 {[%emt 0:01:12]} 58. Ra5 {[%emt 0:00:55]} Kf6 {[%emt 0:01:10]} 59. Kg2 {[%emt 0:00:18]} Ke6 {[%emt 0:05:29]} 60. Rh5 {[%emt 0:03:31]} Ra2+ {[%emt 0:03:26]} 61. Kf3 {[%emt 0:01:15]} Rb2 {[%emt 0:01:03]} 62. Rxh6+ {[%emt 0:00:24]} Kd5 {[%emt 0:02:11]} 63. Ra6 {[%emt 0:00:12]} a2 {[%emt 0:00:30]} 64. g4 {[%emt 0:01:06]} Kc4 {[%emt 0:00:35]} 65. g5 {[%emt 0:01:17]} Kb3 {[%emt 0:02:31]} 66. g6 {[%emt 0:02:39]} Rb1 {[%emt 0:01:16]} 67. Ke4 {[%emt 0:00:45]} a1=Q {[%emt 0:01:11]} 68. Rxa1 {[%emt 0:00:05]} Rxa1 {[%emt 0:00:03]} 69. Kf5 {[%emt 0:00:27]} Kc4 {[%emt 0:01:30]} 70. g7 {[%emt 0:00:23]} Rg1 {[%emt 0:00:27]} 71. Kf6 {[%emt 0:00:06]} Kd5 {[%emt 0:00:14]} 72. Kf7 {[%emt 0:00:07]} Rxg7+ {[%emt 0:00:19]} 73. Kxg7 {[%emt 0:00:32]} Ke4 1/2-1/2

[Event "Belgrade Spring IM-I 2021"]
[Site "Belgrade"]
[Date "2021.04.16"]
[Round "1.9"]
[White "Krasteva, Beloslava"]
[Black "Ivanovic, Marko"]
[Result "1-0"]
[WhiteElo "2287"]
[BlackElo "2282"]
[Annotator "TA"]
[PlyCount "95"]
[EventDate "2021.04.16"]
[EventType "tourn"]
[EventCountry "SRB"]
[SourceTitle "playchess.com"]
[Source "ChessBase"]
[SourceQuality "1"]

{[%evp 13,95,0,4,-17,7,0,19,14,18,23,35,0,0,-4,276,125,130,126,125,43,67,64,89,96,110,73,66,73,97,87,104,83,93,85,117,110,252,14,12,11,11,0,12,12,12,12,97,92,156,148,207,197,285,275,277,272,467,448,527,525,610,574,778,742,825,649,887,468,1057,842,1675,1392,1462,1325,29976,29974,29977,29979,29979,29980,29980,29981,29980,29979]} 1. d4 Nf6 2. c4 e6 3. Nc3 Bb4 4. e3 O-O 5. Bd2 d5 6. Nf3 b6 7. cxd5 exd5 8. Bd3 {E51: Nimzo-Indian: Rubinstein: 4...0-0 5 Nf3 d5.} Re8 9. Ne5 Bb7 10. O-O {The position is equal.} Nbd7 11. f4 a6 {[#]} 12. Qf3 $146 ({Predecessor:} 12. Rc1 Nf8 13. Ne2 Bd6 14. Ng3 c5 15. Be1 cxd4 16. exd4 Rc8 17. Rxc8 Qxc8 18. Nf5 {½-½ (31) Prusikin,M (2517)-Meijers,V (2472) Bayerisch Eisenstein 2017}) 12... Ne4 13. Qh3 Nxd2 {[%mdl 8192]} (13... Bxc3 $11 {and Black is okay.} 14. Bxc3 Ndf6) 14. Bxh7+ (14. Qxh7+ $18 {and the rest is easy.} Kf8 15. Qh5 Rxe5 16. fxe5) 14... Kf8 $16 15. Nxd7+ Ke7 {[#]} 16. Rf2 $1 Bxc3 (16... Qxd7 17. Bf5) 17. bxc3 {And now Ne5 would win.} Bc8 {Strongly threatening ...Nc4.} 18. Rxd2 Bxd7 19. Bf5 (19. Qh5 {is interesting.} g6 20. Qe5+ Be6 21. f5 gxf5 22. Bxf5 Qd6 23. Qxd6+ Kxd6 24. Bd3) 19... Bxf5 20. Qxf5 Kf8 21. Re1 Kg8 22. e4 g6 23. Qg4 dxe4 24. f5 Qd7 {[#]} (24... Qf6 $16) 25. Rxe4 $2 (25. Rf2 $1 $18) 25... Rxe4 $11 26. Qxe4 $18 {[%mdl 4096] Endgame KQR-KQR} Re8 27. Qf4 (27. Qd3 {feels hotter.} Qxf5 28. Qxf5 gxf5 29. Kf2 Re6 30. a3) 27... Qxf5 28. Qxf5 gxf5 $11 {KR-KR} 29. Kf2 b5 (29... Re6 $11) 30. Re2 $16 {Black is on the road to losing.} Rb8 (30... Rd8 $142) 31. Re5 b4 (31... Rb6 $16 {was worth a try.} 32. Rxf5 Rh6) 32. c4 $18 ({But not} 32. Rxf5 $6 bxc3 33. Rc5 Rb2+ 34. Kf3 Rxa2 $16) 32... b3 (32... Rd8 $142) 33. axb3 Rxb3 34. Rc5 ({Don't play} 34. Rxf5 Rd3 $18) 34... Rd3 $2 {[#]} (34... Rb7 35. Rxf5 Rb2+ 36. Kf3 Rd2 37. Rg5+ Kf8) 35. d5 $1 Kg7 36. Rxc7 Kf6 37. Rc6+ Ke5 38. Rxa6 Rc3 39. Rc6 f4 40. h4 Ke4 (40... Rc2+ $142 41. Ke1 Rxg2) 41. h5 Rc2+ 42. Kg1 Rc1+ 43. Kh2 Rc2 44. h6 {White mates.} f3 45. h7 Rxg2+ 46. Kh1 Rg4 47. h8=Q f2 48. Rf6 {Weighted Error Value: White=0.36/Black=0.85} 1-0

[Event "Belgrade Spring IM-I 2021"]
[Site "Belgrade"]
[Date "2021.04.17"]
[Round "2.6"]
[White "Djokic, Nenad"]
[Black "Jovanovic, Sasa T"]
[Result "1/2-1/2"]
[WhiteElo "2329"]
[BlackElo "2155"]
[Annotator "ChessBase"]
[PlyCount "55"]
[EventDate "2021.04.16"]
[EventType "tourn"]
[EventCountry "SRB"]
[SourceTitle "playchess.com"]
[Source "ChessBase"]
[SourceQuality "1"]
[TimeControl "40/5400+30:1800+30"]

1. d4 {[%emt 0:00:00]} Nf6 {[%emt 0:00:00]} 2. Nf3 {[%emt 0:00:00]} e6 {[%emt 0:00:00]} 3. c4 {[%emt 0:00:00]} d5 {[%emt 0:01:12]} 4. Nc3 {[%emt 0:01:06]} dxc4 {[%emt 0:02:00]} 5. e4 {[%emt 0:01:04]} b5 {[%emt 0:01:14]} 6. e5 {[%emt 0:03:44]} Nd5 {[%emt 0:00:10]} 7. Nxb5 {[%emt 0:01:05]} Nb6 {[%emt 0:02:33]} 8. Nc3 {[%emt 0:00:59]} Nc6 {[%emt 0:04:39]} 9. Be2 {[%emt 0:02:37]} Be7 {[%emt 0:01:07]} 10. O-O {[%emt 0:00:11]} O-O {[%emt 0:00:15]} 11. Be3 {[%emt 0:01:08]} Nb4 {[%emt 0:00:37]} 12. a3 {[%emt 0:07:58]} N4d5 {[%emt 0:12:33]} 13. Rc1 {[%emt 0:05:13]} Nxc3 {[%emt 0:05:42]} 14. Rxc3 {[%emt 0:01:36]} Rb8 {[%emt 0:00:05]} 15. Qc1 {[%emt 0:12:07]} Ba6 {[%emt 0:11:00]} 16. b4 {[%emt 0:13:40]} Bb5 {[%emt 0:03:01]} 17. Nd2 {[%emt 0:08:52]} Nd5 {[%emt 0:04:07]} 18. Rc2 {[%emt 0:00:20]} c3 {[%emt 0:01:59]} 19. Ne4 {[%emt 0:10:03]} Bxe2 {[%emt 0:05:46]} 20. Rxe2 {[%emt 0:00:38]} a5 {[%emt 0:00:07]} 21. Nxc3 {[%emt 0:02:07]} Nxc3 {[%emt 0:06:33]} 22. Qxc3 {[%emt 0:00:02]} axb4 {[%emt 0:00:10]} 23. axb4 {[%emt 0:00:09]} Bxb4 {[%emt 0:00:41]} 24. Qc6 {[%emt 0:02:31]} Ba5 {[%emt 0:02:10]} 25. g3 {[%emt 0:00:28]} Qe8 {[%emt 0:00:56]} 26. Rc1 {[%emt 0:07:31]} Qxc6 {[%emt 0:00:21]} 27. Rxc6 {[%emt 0:00:02]} Rfd8 {[%emt 0:00:29]} 28. Rec2 {[%emt 0:00:27]} 1/2-1/2

[Event "Belgrade Spring IM-I 2021"]
[Site "Belgrade"]
[Date "2021.04.17"]
[Round "2.7"]
[White "Ivanovic, Marko"]
[Black "Savitha Shri B"]
[Result "0-1"]
[WhiteElo "2282"]
[BlackElo "2261"]
[Annotator "TA"]
[PlyCount "87"]
[EventDate "2021.04.16"]
[EventType "tourn"]
[EventCountry "SRB"]
[SourceTitle "playchess.com"]
[Source "ChessBase"]
[SourceQuality "1"]

{[%evp 15,87,70,50,11,12,17,12,-38,-37,-45,-29,-77,-56,-84,-79,-135,-77,-109,-103,-93,24,0,0,0,4,0,11,22,35,0,55,-105,-78,-193,-229,-316,-323,-413,-265,-260,-264,-235,-188,-357,-328,-543,-437,-1055,-879,-29989,-29990,-29992,-1189,-1156,-1157,-1149,-1145,-1124,-1120,-1224,-915,-810,-841,-876,-856,-5043,-5043,-29985,-29986,-29989,-29990,-29990,-29991,-29991]} 1. e4 c5 2. Nf3 d6 3. d4 cxd4 4. Nxd4 Nf6 5. Nc3 a6 6. g3 b5 7. Bg2 Bb7 8. O-O e6 9. a3 {B91: Sicilian Najdorf: 6 g3.} Nbd7 10. Re1 Qc7 11. g4 {The position is equal.} h6 $1 {[#]} 12. h3 $146 ({Predecessor:} 12. f4 Nb6 13. Qf3 Be7 14. g5 hxg5 15. fxg5 Nfd7 16. g6 Bf6 17. gxf7+ Kxf7 18. Nce2 {½-½ (81) Schippers,M (2270)-Lahaye,R (2404) Groningen 2018}) 12... g5 13. Qf3 Be7 14. Qg3 Ne5 15. Nde2 (15. Nf3 $142) 15... Ng6 (15... h5 $142 {[%cal Rh5g4]} 16. f3 hxg4 17. fxg4 Rc8) 16. f4 gxf4 17. Nxf4 e5 (17... Ne5 $17) 18. Nd3 Nd7 19. Rf1 Nb6 20. Rf5 Nh4 21. Rh5 Nxg2 22. Qxg2 O-O-O ({Better is} 22... f6 $11) 23. a4 $2 ({Reject} 23. Rxh6 Rxh6 24. Bxh6 d5 $17) ({Of course not} 23. Bxh6 f5 $15) (23. Nb4 $14 {stays ahead.}) 23... b4 $1 $17 {[%cal Rb4c3] Black converts the advantage convincingly.} 24. Nd1 {[#]} (24. Nxb4 $17 {might work better.} Qc5+ {[%mdl 64] Double Attack} 25. Kh2 Qxb4 26. a5) 24... d5 $1 $19 {[%cal Rd5e4]} 25. Nxe5 dxe4 26. Bf4 Bg5 27. Qf2 Bxf4 28. Qxf4 Nd5 ({Inferior is} 28... Qxc2 29. Ne3 $11) 29. Qf5+ (29. Qxf7 {keeps fighting.} Qd6 30. Qf2) 29... Kb8 30. Nf2 $2 (30. Qxf7 Qd6 31. Qg7) 30... f6 31. Ng6 (31. Qxe4 $142 fxe5 32. Qxe5) 31... Rhe8 {Threatens to win with ...Qg3+.} 32. Re1 Qg3+ 33. Kf1 Ne3+ (33... e3 $142 34. Ne5 {[#]} Nc3 $1 {[%mdl 512]} 35. Nc6+ Bxc6 36. Qf4+ Qxf4 {[%mdl 64] Pin} 37. Rb5+ Bxb5+ 38. Kg2 Qxf2+ {[%mdl 64] Double Attack} 39. Kh1 Bc6#) 34. Rxe3 Qxe3 35. Qf4+ Qxf4 36. Nxf4 Rd2 37. Ke1 Rxc2 38. Rxh6 Rxb2 39. Rxf6 Ra2 40. g5 e3 41. N2d3 Bf3 {Black mates.} 42. Kf1 Rh2 {[%cal Rh2h1]} 43. Ne2 Bxe2+ 44. Kg1 {Weighted Error Value: White=0.95/Black=0.40} 0-1

[Event "Belgrade Spring IM-I 2021"]
[Site "Belgrade"]
[Date "2021.04.17"]
[Round "2.8"]
[White "Blagojevic, Tijana"]
[Black "Krasteva, Beloslava"]
[Result "0-1"]
[WhiteElo "2193"]
[BlackElo "2287"]
[Annotator "TA"]
[PlyCount "89"]
[EventDate "2021.04.16"]
[EventType "tourn"]
[EventCountry "SRB"]
[SourceTitle "playchess.com"]
[Source "ChessBase"]
[SourceQuality "1"]

{[%evp 9,89,9,6,6,10,25,22,14,30,19,29,36,42,29,33,25,26,20,40,38,60,62,76,79,94,97,119,93,100,92,105,79,134,0,6,2,96,94,124,-3,15,-47,-44,-43,-47,-92,-77,-83,-91,-77,-80,-97,-75,-186,-179,-190,-192,-252,-248,-272,-268,-329,-229,-229,-310,-357,-356,-357,-338,-314,-307,-420,-348,-378,-353,-340,-333,-369,-364,-337,-305,-283]} 1. e4 c5 2. Nf3 d6 3. Bb5+ Nd7 4. Ba4 Ngf6 5. O-O a6 {...b5 is the strong threat.} 6. c4 {B51: Sicilian: Moscow Variation (3 Bb5+) without 3...Bd7.} g6 7. Nc3 Bg7 8. d3 {The position is equal.} O-O 9. h3 Ne5 10. Nxe5 dxe5 11. Be3 Qd6 12. Rb1 {[#]} Rd8 $146 ({Predecessor:} 12... Ne8 13. b4 b6 14. bxc5 bxc5 15. Bxe8 Rxe8 16. Na4 f5 17. f3 f4 18. Bxc5 Qc6 {1-0 (33) Hansen,E (2615)-Gu,X (2326) Lisbon 2019}) 13. Qf3 Be6 (13... Qxd3 $2 14. Rbd1 $18) 14. Rfd1 Nh5 15. a3 Rac8 16. b4 cxb4 17. axb4 Qc7 18. Bc2 b5 19. c5 Qb7 20. Ne2 a5 ({Black should try} 20... Nf6) 21. d4 ({White must play} 21. bxa5 $16 b4 22. Bb3) 21... exd4 $1 $11 22. Nxd4 Bc4 (22... Bxd4 $11 {keeps the balance.} 23. Rxd4 (23. Bxd4 axb4 24. Rxb4 Bc4 $11) 23... Rxd4 24. Bxd4 axb4) 23. bxa5 $16 Qa6 24. g4 (24. e5 $16 {Threatens to win with g4.} Bxe5 25. Nf5 $1) 24... Nf6 25. Bb3 (25. c6 $11) 25... Nd7 $1 $15 26. Bxc4 bxc4 27. c6 Ne5 {Black keeps a firm grip on the game.} 28. Qe2 Nd3 29. Nc2 {And now Nb4 would win.} Qxc6 30. Bb6 Rd7 31. Qe3 (31. a6 $17) 31... Qa4 $19 32. Ne1 {[#]} Nxe1 33. Rxd7 (33. Rxe1 {keeps fighting.} Rd3 34. Qe2) 33... Qxd7 34. Rxe1 c3 {[%cal Bc4c3,Bc3c2][%mdl 32]} 35. e5 Qb5 36. e6 {Hoping for exf7+.} f5 37. Bd4 Bxd4 ({But not} 37... Qxa5 38. Bxg7 Kxg7 39. Qd4+ Kg8 40. Rc1 $19) 38. Qxd4 {[%mdl 4096] Endgame KQR-KQR} c2 ({Much less strong is} 38... Qxa5 39. Rc1 $19) 39. Rc1 Qxa5 {Strongly threatening ...Rd8.} 40. Qd3 Qc5 41. g5 Qd6 42. Qe2 Qb4 43. Kg2 Qb7+ 44. f3 Qb2 45. Qd2 {Weighted Error Value: White=0.28/Black=0.15} 0-1